000 00522nam a2200205Ia 4500
008 200601s9999 xx 000 0 und d
020 _a0-00-617303-9
050 _aFIC Am1j
050 _b1951
100 _aAmbler, Eric
245 0 _aJudgment on deltchev /
245 0 _cEric Ambler.
260 _aGreat Britain:
260 _bHodder and Stoughtom Ltd.
260 _c1951
300 _a192 pages :
300 _c18 cm.
650 _aDetective and mystery stories.
650 _aDetective and mystery stories.
999 _c363465
_d363465